[Event "Titled Tuesday intern op 03rd May Late"]
[Site "Chess.com INT"]
[Date "2022.05.03"]
[Round "6"]
[White "Itkis, Boris"]
[Black "Kang, Dorian"]
[Result "1-0"]
[WhiteElo "2345"]
[BlackElo "2019"]
[PlyCount "55"]
[EventDate "2022.05.03"]
[EventType "swiss (blitz)"]
[EventRounds "11"]
[EventCountry "USA"]
[SourceTitle "CBM 208 Extra"]
[Source "ChessBase"]
[SourceDate "2022.07.31"]
[SourceVersion "1"]
[SourceVersionDate "2022.07.31"]
[SourceQuality "1"]

1. c4 c5 2. Nc3 Nc6 3. Nf3 g6 4. e3 Nf6 5. d4 cxd4 6. exd4 d5 7. cxd5 Nxd5 8. Qb3 Nxc3 9. Bc4 e6 10. bxc3 Na5 11. Qa4+ Bd7 12. Bb5 Nc6 13. 0-0 a6 14. Be2 Bd6 15. Bh6 Ne7 16. Qb3 Bc6 17. Bg7 Rg8 18. Be5 Qd7 19. Bxd6 Qxd6 20. Ne5 Kf8 21. Nxc6 Nxc6 22. Qxb7 Ra7 23. Qb6 Kg7 24. Bf3 Rc7 25. Qxa6 Qd7 26. Rfd1 Ra7 27. Qxc6 Qd6 28. Qxd6 1-0

[Event "Titled Tuesday intern op 19th Apr Late"]
[Site "Chess.com INT"]
[Date "2022.04.19"]
[Round "9"]
[White "Balint, Vilmos"]
[Black "Kang, Dorian"]
[Result "1/2-1/2"]
[WhiteElo "2252"]
[BlackElo "2019"]
[PlyCount "136"]
[EventDate "2022.04.19"]
[EventType "swiss (blitz)"]
[EventRounds "11"]
[EventCountry "USA"]
[SourceTitle "EXT 2023"]
[Source "ChessBase"]
[SourceDate "2022.10.05"]
[SourceVersion "1"]
[SourceVersionDate "2022.10.05"]
[SourceQuality "1"]

1. d4 Nf6 2. c4 e6 3. Nf3 b6 4. g3 Bb7 5. Bg2 Bb4+ 6. Bd2 Bxd2+ 7. Qxd2 0-0 8. 0-0 d6 9. Nc3 c5 10. e3 Nc6 11. a3 e5 12. dxe5 Nxe5 13. Nxe5 Bxg2 14. Nxf7 Rxf7 15. Kxg2 Qe7 16. Rad1 Rd8 17. Nd5 Qe4+ 18. Kg1 Qxc4 19. Nxf6+ Rxf6 20. Qd5+ Qxd5 21. Rxd5 Kf7 22. Rfd1 Ke6 23. f4 Rf5 24. e4 Rxd5 25. Rxd5 Rc8 26. Kf2 c4 27. Ke3 c3 28. bxc3 Rxc3+ 29. Rd3 Rc2 30. h4 h5 31. Rb3 g6 32. Kf3 d5 33. e5 d4 34. Ke4 Rc4 35. Kd3 Kd5 36. Rb5+ Rc5 37. a4 a6 38. Rxb6 Rc3+ 39. Kd2 Rxg3 40. Rd6+ Ke4 41. e6 Rg2+ 42. Kd1 Kd3 43. Ke1 Re2+ 44. Kf1 Re4 45. Kg2 Ke2 46. Rd5 d3 47. Re5 Rxe5 48. fxe5 d2 49. e7 d1Q 50. e8Q Qf1+ 51. Kh2 Qf2+ 52. Kh3 Qf3+ 53. Kh2 Kf2 54. Qxg6 Qf4+ 55. Kh3 Qe3+ 56. Kh2 Qxe5+ 57. Kh3 Qe3+ 58. Kh2 Qf4+ 59. Kh3 Qf3+ 60. Kh2 Qf4+ 61. Kh3 Qxa4 62. Qxh5 Qd7+ 63. Qg4 Qd3+ 64. Kh2 Qd6+ 65. Kh1 Qc6+ 66. Kh2 Qd6+ 67. Kh3 Qd3+ 68. Kh2 Qd6+ 1/2-1/2

[Event "Titled Tuesday intern op 19th Apr Late"]
[Site "Chess.com INT"]
[Date "2022.04.19"]
[Round "7"]
[White "Kang, Dorian"]
[Black "Lopez, Henry"]
[Result "0-1"]
[WhiteElo "2019"]
[BlackElo "2107"]
[PlyCount "128"]
[EventDate "2022.04.19"]
[EventType "swiss (blitz)"]
[EventRounds "11"]
[EventCountry "USA"]
[SourceTitle "EXT 2023"]
[Source "ChessBase"]
[SourceDate "2022.10.05"]
[SourceVersion "1"]
[SourceVersionDate "2022.10.05"]
[SourceQuality "1"]

1. e4 c5 2. Nf3 d6 3. d4 cxd4 4. Nxd4 Nf6 5. f3 e6 6. c4 a6 7. Be3 b6 8. Be2 Bb7 9. Nc3 Nbd7 10. Qd2 Rc8 11. Rc1 Be7 12. 0-0 0-0 13. b3 Re8 14. g4 h6 15. h4 Nh7 16. h5 Qc7 17. f4 Ndf6 18. Bf3 Nf8 19. g5 hxg5 20. fxg5 N6h7 21. g6 fxg6 22. hxg6 Nf6 23. Qg2 Rb8 24. Qh3 Bc8 25. Kg2 Nxg6 26. Qg3 Ne5 27. Bg5 Rf8 28. Be2 Bd8 29. Rh1 Qf7 30. Rcf1 Qg6 31. Bxf6 Qxg3+ 32. Kxg3 Bxf6 33. Rh5 g6 34. Rh2 Bd7 35. Rhf2 Bg7 36. Rxf8+ Rxf8 37. Rxf8+ Kxf8 38. Nf3 Nxf3 39. Bxf3 Bxc3 40. Kf4 Kf7 41. Bg4 e5+ 42. Kg3 Bxg4 43. Kxg4 Kf6 44. a3 a5 45. Kh4 Bb2 46. a4 Bc1 47. Kg4 Bd2 48. Kh4 Be1+ 49. Kg4 Bf2 50. Kf3 Bd4 51. Kg4 Bc3 52. Kh4 Kg7 53. Kg5 Bd2+ 54. Kg4 Kh6 55. Kh4 g5+ 56. Kg4 Kg6 57. Kf3 Kh5 58. Ke2 Bf4 59. Kf3 Kh4 60. Kg2 Kg4 61. Kf2 Bg3+ 62. Kg2 Kf4 63. Kh3 g4+ 64. Kg2 Be1 0-1